Welcome to CU Library Online Public Access Catalogue (OPAC)

COMMUNICATION FOR THE CHURH (Record no. 6064)

MARC details
000 -LEADER
fixed length control field 00398nam a22001457a 4500
005 - DATE AND TIME OF LATEST TRANSACTION
control field 20250530122508.0
008 - FIXED-LENGTH DATA ELEMENTS--GENERAL INFORMATION
fixed length control field 250530b |||||||| |||| 00| 0 eng d
020 ## - INTERNATIONAL STANDARD BOOK NUMBER
International Standard Book Number 6812953
050 ## - LIBRARY OF CONGRESS CALL NUMBER
Classification number BV 4319
Item number MCL
100 ## - MAIN ENTRY--PERSONAL NAME
Personal name McLAUGHLIN, RAYMOND W.
245 ## - TITLE STATEMENT
Title COMMUNICATION FOR THE CHURH
Statement of responsibility, etc. RAYMOND W. McLAUGHLIN
260 ## - PUBLICATION, DISTRIBUTION, ETC.
Place of publication, distribution, etc. MICHIGAN
Name of publisher, distributor, etc. ZONDERVAN PUBLISHING
Date of publication, distribution, etc. c1968
300 ## - PHYSICAL DESCRIPTION
Extent 228p.;
942 ## - ADDED ENTRY ELEMENTS (KOHA)
Source of classification or shelving scheme Library of Congress Classification
Koha item type Books
Suppress in OPAC No
999 ## -
-- 6064
-- 6064
Holdings
Withdrawn status Lost status Source of classification or shelving scheme Damaged status Not for loan Collection Home library Current library Shelving location Date acquired Total checkouts Full call number Barcode Date last seen Copy number Price effective from Koha item type
    Library of Congress Classification     Non-fiction Undergraduate Library (Christ Temple) Undergraduate Library (Christ Temple) General stacks 05/30/2025   BV 4319 MCL ulct00002758 05/30/2025 1 05/30/2025 Books
© 2023-2024 Copyright: Central University Libraries. All Rights Reserved | Created by: Mahone Tech Office